Σεξουαλικότητα και καταπίεση στην πρωτόγονη κοινωνία

Αποθηκεύτηκε σε:
Λεπτομέρειες βιβλιογραφικής εγγραφής
Κύριος συγγραφέας: Malinowski, Bronislaw 1884-1942
Άλλοι συγγραφείς: Σταματοπούλου, Αννα (trlf [Μεταφράστρια]), Παραδέλλης, Θεόδωρος (Επιμελητής έκδοσης, Σχολιαστής)
Μορφή: Βιβλίο
Γλώσσα:Greek
English
Δημοσίευση: Αθήνα : Καστανιώτης, 1976.
Σειρά:Βιβλιοθήκη κοινωνικής ανθρωπολογίας ; 1
Θέματα:
Ετικέτες: Προσθήκη ετικέτας
Δεν υπάρχουν, Καταχωρήστε ετικέτα πρώτοι!

MARC

LEADER 00000cam a2200000 i 4500
001 1/88157
008 941207s1976 gr | ||| |||| ||gre||
035 |a 986  |c Αγορά  |l 10035430 
040 |a GR-MyUA  |b gre  |e AACR2 
041 1 |a gre  |h eng 
082 0 |a 306.7 
100 1 |a Malinowski, Bronislaw  |d 1884-1942. 
245 1 0 |a Σεξουαλικότητα και καταπίεση στην πρωτόγονη κοινωνία /   |c Μπρονισλάβ Κασπάρ Μαλινόφσκι ; μετάφραση Αννα Σταματοπούλου - Παραδέλλη ; εισαγωγή-επιμέλεια και σχόλια Θεόδωρος Παραδέλλης.  
260 |a Αθήνα :   |b Καστανιώτης,   |c 1976.  
300 |a 263 σ. ;   |c 21 εκ.  
490 1 |a (Βιβλιοθήκη κοινωνικής ανθρωπολογίας   |v ; 1) 
650 0 0 |a Sex. 
650 0 0 |a Sex customs. 
650 0 0 |a Primitive societies. 
650 0 0 |a Psychoanalysis and culture. 
700 1 |a Σταματοπούλου, Αννα,  |e trlf [Μεταφράστρια] 
700 1 |a Παραδέλλης, Θεόδωρος,  |e edt  |e oth  |e cmm 
765 0 8 |i Μετάφραση του:   |t Sex and repression in savage society /  
830 0 |a Βιβλιοθήκη κοινωνικής ανθρωπολογίας ;  |v  1 
852 |a INST  |b CHIOS  |e 19960405  |h 306.7 MAL  |p 005200006119  |q 005200006119  |t BK  |y 0 
852 |a INST  |b LESVOS  |e 19941207  |h 306.7 MAL  |p 005100003258  |q 005100003258  |t BK  |y 0 
852 |a INST  |b LESVOS  |e 19960723  |h 306.7 MAL  |p 005100025361  |q 005100025361  |t BK  |y 12 
852 |a INST  |b LESVOS  |e 19960723  |h 306.7 MAL  |p 005100025362  |q 005100025362  |t BK  |y 12 
852 |a INST  |b RHODES  |e 19960705  |h 306.7 MAL  |p 005400004458  |q 005400004458  |t BK  |y 0 
852 |a INST  |b SAMOS  |e 20171012  |h 306.7 MAL  |p 005300044863  |q 005300044863  |t BK  |y 0 
909 |a Χ  |b 001989 
909 |a Λ  |b 008810 
909 |a Λ  |b 011234 
909 |a Λ  |b 008811